<?xml version="1.0" encoding="UTF-8"?>
<record
    xmlns:xsi="http://www.w3.org/2001/XMLSchema-instance"
    xsi:schemaLocation="http://www.loc.gov/MARC21/slim http://www.loc.gov/standards/marcxml/schema/MARC21slim.xsd"
    xmlns="http://www.loc.gov/MARC21/slim">

  <leader>01525nam a2200181   4500</leader>
  <datafield tag="999" ind1=" " ind2=" ">
    <subfield code="c">510440</subfield>
    <subfield code="d">510440</subfield>
  </datafield>
  <controlfield tag="008">190817b           ||||| |||| 00| 0 eng d</controlfield>
  <datafield tag="100" ind1=" " ind2=" ">
    <subfield code="a">Panizza, Francisco</subfield>
    <subfield code="9">8461</subfield>
  </datafield>
  <datafield tag="245" ind1=" " ind2=" ">
    <subfield code="a">Roles, trust and skills: a typology of patronage appointments </subfield>
  </datafield>
  <datafield tag="260" ind1=" " ind2=" ">
    <subfield code="c">2019</subfield>
  </datafield>
  <datafield tag="300" ind1=" " ind2=" ">
    <subfield code="a">p.147-161.</subfield>
  </datafield>
  <datafield tag="520" ind1=" " ind2=" ">
    <subfield code="a">This article contributes to the study of the politics of patronage appointments by creating a typology of patronage roles based on the nature of trust between patrons and appointees and on the skills patrons seek in appointees. Our classification brings together the dispersed literature on patronage roles and can be applied to the study of modalities of patronage across and within countries. We offer preliminary evidence from our study of the politics of patronage appointments in Latin America suggesting that variations in patronage roles can be related to variations in the institutionalization of party systems and to the nature of the links between political actors and voters. Finally, we explore whether the categories identified in our empirical study can be found in other settings. We conclude that our typology can contribute to the study of the impact of modalities of patronage on the quality of public administration and on political governability. - Reproduced.</subfield>
  </datafield>
  <datafield tag="650" ind1=" " ind2=" ">
    <subfield code="a">Personnel, Public - Recruitment </subfield>
    <subfield code="9">8462</subfield>
  </datafield>
  <datafield tag="700" ind1=" " ind2=" ">
    <subfield code="a">Peters, B. Guy</subfield>
    <subfield code="9">8463</subfield>
  </datafield>
  <datafield tag="700" ind1=" " ind2=" ">
    <subfield code="a">Larraburu, Conrado R. Ramos</subfield>
    <subfield code="9">8464</subfield>
  </datafield>
  <datafield tag="773" ind1=" " ind2=" ">
    <subfield code="a">Public Administration</subfield>
  </datafield>
  <datafield tag="906" ind1=" " ind2=" ">
    <subfield code="a">Personnel, Public - Selection</subfield>
  </datafield>
  <datafield tag="942" ind1=" " ind2=" ">
    <subfield code="2">ddc</subfield>
    <subfield code="c">AR</subfield>
  </datafield>
  <datafield tag="952" ind1=" " ind2=" ">
    <subfield code="0">0</subfield>
    <subfield code="1">0</subfield>
    <subfield code="2">ddc</subfield>
    <subfield code="4">0</subfield>
    <subfield code="7">0</subfield>
    <subfield code="9">384372</subfield>
    <subfield code="a">IIPA</subfield>
    <subfield code="b">IIPA</subfield>
    <subfield code="d">2019-08-17</subfield>
    <subfield code="h">97(1), Jan, 2019: p.147-161. </subfield>
    <subfield code="p">AR120319</subfield>
    <subfield code="r">2019-08-17</subfield>
    <subfield code="y">AR</subfield>
  </datafield>
</record>
